000 00717nam a22002417a 4500
003 UA-OsUOA
001 69378
007 ta
008 20100617b un ||||| |||| 00| 0 ukr d
100 _aГук П. А.
090 _a340.142
_bГ93
942 _cBK
040 _aUA-OsUOA
_brus
_cUA-OsUOA
_dUA-OsUOA
245 _aСудебный прецедент: теория и практика
300 _a128 с.
955 _a2
041 _arus
080 _a340.142
020 _a978-5-93295-473-7
260 _aМ.
_bЮрлитинформ
_c2009
650 7 _a340 Право в цілому. Пропедевтика. Методи та допоміжні правничі науки
_2UDC
999 _c355674
_d355674